Gümrük Birliği dönemecinde Türkiye (Record no. 7102)

MARC details
000 -BAŞLIK
Sabit Uzunlukta Kontrol Alanı 00939na a2200289 4500
001 - KONTROL NUMARASI
Denetim Alanı 20165
003 - KONTROL NUMARASI IDENTIFIER
Denetim Alanı MIRAKIL
005 - SON İŞLEM TARİHİ VE ZAMANI
Denetim Alanı 20181213155128.0
008 - SABİT-BOY VERİ ELEMANLARI - GENEL BİLGİLER
Sabit Uzunlukta Kontrol Alanı 170106b tu 000 0
020 ## - ULUSLARARASI STANDART KİTAP NUMARASI
Uluslararası Standart Kitap Numarası 9757425524
040 ## - KATALOGLAMA KAYNAK
Orijinal Kataloglama Ajansı Milas
Kataloglama Dili tur
Metne Dönüştürmek Ajansı TR-AnCHP
041 ## - DİL KODU
Metin / Ses Parça Veya Ayrı Başlığın Dil Kodu tur
082 ## - DEWEY ONLU SINIFLANDIRMA NUMARASI
Sınıflandırma Numarası 382.9561
Ürün Numarası K26g 1997
090 ## - SINIFLAMA NUMARASI
Sınıflama Numarası 382.9561 K26g 1997
100 ## - ANA GİRİŞ - KİŞİSEL İSİM
Kişisel Ad Karluk, S. Rıdvan
245 ## - BAŞLIK TABLOSU
Başlık Gümrük Birliği dönemecinde Türkiye
Başlığın Kalan Gümrük Birliği ne getirdi ne götürdü?
Sorumluluk Tablosu, Vb Rıdvan Karluk
246 ## - UNVAN FORM VARYING
Başlık Doğru / Kısa Başlığı Gümrük Birliği ne getirdi ne götürdü?
260 ## - YAYIN, DAĞITIM, VB
Yayın, Dağıtım, Vb Yeri Ankara
Yayıncı, Dağıtıcı, Vs Adı Turhan Kitabevi
Yayın, Dağıtım, Vb Tarihi 1997
300 ## - FİZİKSEL TANIM
Kapsam xv, 436 s.
Diğer Fiziksel Ayrıntıları tbl.
Boyutlar 20 sm.
440 ## - SERİSİ TABLOSU / KATMA GİRİŞİ - BAŞLIK
Başlık Turhan Kitapevi
490 ## - SERİSİ TABLOSU
Seri Beyanı Ekonomik ve Sosyal Araştırmalar
Hacim / Ardışık Tanımı 8
500 ## - GENEL NOT
Genel Not Yapıt yazarından imzalıdır.
504 ## - KAYNAKÇA VB NOT
Kaynakça Vb Notu Kaynakça var.
650 ## - KONU KATMA GİRİŞ - TOPİKAL DÖNEM
Topikal Süreli Veya Coğrafi Ad Giriş Elemanı Gümrük Birliği
Genel Alt Bölümü Ekonomik açı
Coğrafi Alt Bölümü Türkiye
740 ## - KATMA GİRİŞ - KONTROLSUZ İLGİLİ / ANALİTİK BAŞLIK
Kontrol Edilmeyen / İlgili Analitik Başlıktaki Gümrük Birliği ne getirdi ne götürdü?
942 ## - EKLENDİ GİRİŞ ELEMANLARI (KOHA)
Sınıflandırma Veya Raf Düzeni Kaynak Dewey Decimal Classification
Koha Öğesi Türü Books
999 ## - SİSTEM KONTROL NUMARALARI (KOHA)
Koha Biblionumber 7102
Koha Biblioitemnumber 7102
Holdings
Kalıcı Konum Mevcut Konum Edinme Tarihi Edinim Kaynak Toplam Check-Out'Lar Tam Çağrı Numarası Barkod Tarih Son Görülme İtibaren Geçerli Fiyatlar Koha Öğesi Türü
CHP Kütüphanesi CHP Kütüphanesi 01/05/2017 Bağış   382.9561 K26g 1997 010934 01/05/2017 01/05/2017 Books